[Event "wyco2016"]
[Site "?"]
[Date "2016.07.23"]
[Round "2.35"]
[White "Birkisson, Bjorn Holm"]
[Black "Petura, Samuel"]
[Result "1-0"]
[BlackElo "1632"]
[WhiteElo "1977"]
[LiveChessVersion "1.4.6"]

1. Nf3 {[%clk 1:30:56]} d6 {[%clk 1:28:45]} 2. c4 {[%clk 1:29:36]} Nf6
{[%clk 1:26:39]} 3. g3 {[%clk 1:29:03]} Bf5 {[%clk 1:25:58]} 4. Bg2
{[%clk 1:29:18]} c6 {[%clk 1:22:15]} 5. Nc3 {[%clk 1:28:26]} e6 {[%clk 1:19:23]}
6. d4 {[%clk 1:25:36]} d5 {[%clk 1:18:16]} 7. O-O {[%clk 1:24:24]} Be7
{[%clk 1:14:48]} 8. Nh4 {[%clk 1:20:01]} O-O {[%clk 1:02:12]} 9. Nxf5
{[%clk 1:20:05]} exf5 {[%clk 1:02:32]} 10. cxd5 {[%clk 1:20:01]} cxd5
{[%clk 0:58:01]} 11. Qb3 {[%clk 1:07:25]} Nc6 {[%clk 0:56:54]} 12. Qxb7
{[%clk 1:01:38]} Nxd4 {[%clk 0:54:28]} 13. Rd1 {[%clk 0:54:32]} Bc5
{[%clk 0:52:11]} 14. Be3 {[%clk 0:53:44]} Ne6 {[%clk 0:36:26]} 15. Nxd5
{[%clk 0:47:33]} Nxd5 {[%clk 0:27:49]} 16. Rxd5 {[%clk 0:45:54]} Qb6
{[%clk 0:18:30]} 17. Rxc5 {[%clk 0:39:57]} Nxc5 {[%clk 0:16:10]} 18. Qxb6
{[%clk 0:39:51]} axb6 {[%clk 0:16:31]} 19. Bxa8 {[%clk 0:40:08]} Rxa8
{[%clk 0:16:51]} 20. b4 {[%clk 0:40:14]} Na4 {[%clk 0:15:57]} 21. Rc1
{[%clk 0:40:00]} g6 {[%clk 0:14:25]} 22. Bd4 {[%clk 0:39:33]} Rd8
{[%clk 0:10:51]} 23. e3 {[%clk 0:39:31]} b5 {[%clk 0:10:13]} 24. Rc7
{[%clk 0:39:34]} Re8 {[%clk 0:08:08]} 25. Rb7 {[%clk 0:39:51]} 1-0

[Event "wyco2016"]
[Site "?"]
[Date "2016.07.23"]
[Round "2.36"]
[White "Hadzala, Juraj"]
[Black "Thorsteinsdottir, Svava"]
[Result "0-1"]
[BlackElo "1313"]
[WhiteElo "1516"]
[LiveChessVersion "1.4.6"]

1. e4 {[%clk 1:30:56]} c5 {[%clk 1:30:55]} 2. Nf3 {[%clk 1:31:16]} d6
{[%clk 1:31:17]} 3. d4 {[%clk 1:31:21]} cxd4 {[%clk 1:31:39]} 4. Nxd4
{[%clk 1:31:44]} Nf6 {[%clk 1:32:04]} 5. Nc3 {[%clk 1:31:51]} a6 {[%clk 1:32:20]}
6. f3 {[%clk 1:29:11]} e6 {[%clk 1:32:38]} 7. Be3 {[%clk 1:27:30]} Nbd7
{[%clk 1:32:41]} 8. Qd2 {[%clk 1:21:55]} Qc7 {[%clk 1:31:47]} 9. O-O-O
{[%clk 1:20:20]} b5 {[%clk 1:31:05]} 10. Bxb5 {[%clk 1:14:57]} axb5
{[%clk 1:26:04]} 11. Ndxb5 {[%clk 1:15:11]} Qb7 {[%clk 1:18:25]} 12. Nxd6+
{[%clk 1:14:41]} Bxd6 {[%clk 1:18:45]} 13. Qxd6 {[%clk 1:15:06]} Qa6
{[%clk 1:17:27]} 14. Bc5 {[%clk 1:13:44]} Qxd6 {[%clk 1:16:25]} 15. Bxd6
{[%clk 1:14:03]} Bb7 {[%clk 1:13:02]} 16. Rd2 {[%clk 1:13:42]} h5
{[%clk 1:09:58]} 17. e5 {[%clk 1:11:26]} Nd5 {[%clk 1:08:54]} 18. Nxd5
{[%clk 1:10:40]} Bxd5 {[%clk 1:08:50]} 19. a3 {[%clk 1:10:46]} h4
{[%clk 1:07:56]} 20. Rf1 {[%clk 1:03:52]} Rh6 {[%clk 1:03:13]} 21. b3
{[%clk 1:01:42]} f6 {[%clk 1:01:22]} 22. c4 {[%clk 1:00:33]} Bc6 {[%clk 0:59:30]}
23. Kb2 {[%clk 0:43:10]} Nxe5 {[%clk 0:54:19]} 24. Bxe5 {[%clk 0:42:17]} fxe5
{[%clk 0:54:20]} 25. b4 {[%clk 0:42:12]} Ba4 {[%clk 0:42:08]} 26. b5
{[%clk 0:40:22]} Rc8 {[%clk 0:41:16]} 27. Rc1 {[%clk 0:40:12]} Ke7
{[%clk 0:37:41]} 28. b6 {[%clk 0:37:51]} Rc5 {[%clk 0:34:08]} 29. Kc3
{[%clk 0:36:13]} Ra5 {[%clk 0:22:18]} 30. Kb4 {[%clk 0:32:13]} Ra6
{[%clk 0:20:38]} 31. c5 {[%clk 0:28:49]} Rh8 {[%clk 0:16:32]} 32. c6
{[%clk 0:17:43]} Rxb6+ {[%clk 0:15:54]} 33. Ka5 {[%clk 0:12:00]} Rxc6
{[%clk 0:16:09]} 34. Rxc6 {[%clk 0:10:53]} Bxc6 {[%clk 0:16:31]} 35. a4
{[%clk 0:11:00]} Ra8+ {[%clk 0:16:50]} 36. Kb6 {[%clk 0:11:04]} Bxa4
{[%clk 0:16:56]} 37. Ra2 {[%clk 0:11:15]} Kd7 {[%clk 0:13:58]} 38. Rd2+
{[%clk 0:11:05]} Kc8 {[%clk 0:11:08]} 39. Re2 {[%clk 0:11:14]} Kd7
{[%clk 0:06:36]} 40. Rxe5 {[%clk 0:11:29]} Ke7 {[%clk 0:06:06]} 41. Rh5
{[%clk 0:10:56]} Bd1 {[%clk 0:04:55]} 42. Rxh4 {[%clk 0:10:50]} Ra4
{[%clk 0:04:50]} 43. Rxa4 {[%clk 0:10:13]} Bxa4 {[%clk 0:05:11]} 44. Kc5
{[%clk 0:10:37]} Kf6 {[%clk 0:05:10]} 45. Kd4 {[%clk 0:10:57]} Kf5
{[%clk 0:05:14]} 46. g3 {[%clk 0:10:48]} Bd1 {[%clk 0:05:25]} 47. f4
{[%clk 0:11:02]} Kg4 {[%clk 0:04:53]} 48. Ke5 {[%clk 0:08:38]} Bb3
{[%clk 0:04:56]} 49. h3+ {[%clk 0:08:21]} Kxg3 {[%clk 0:04:07]} 50. f5
{[%clk 0:08:17]} exf5 {[%clk 0:03:17]} 51. Kxf5 {[%clk 0:08:42]} Bf7
{[%clk 0:03:34]} 0-1